Flooding: what impact on the Housing Market? (Record no. 69753)
[ view plain ]
| 000 -LEADER | |
|---|---|
| fixed length control field | 01095cam a2200229 4500 |
| 001 - CONTROL NUMBER | |
| control field | ABS65146 |
| 008 - FIXED-LENGTH DATA ELEMENTS--GENERAL INFORMATION | |
| fixed length control field | 020311n2002 000 0 eng u |
| 035 ## - SYSTEM CONTROL NUMBER | |
| System control number | (Sirsi) u117080 |
| 100 ## - MAIN ENTRY--PERSONAL NAME | |
| Personal name | Bennett, J. |
| 245 ## - TITLE STATEMENT | |
| Title | Flooding: what impact on the Housing Market? |
| 260 ## - PUBLICATION, DISTRIBUTION, ETC. | |
| Date of publication, distribution, etc. | 2002 |
| 490 ## - SERIES STATEMENT | |
| Series statement | CML Housing Finance |
| Volume/sequential designation | Spring 2002, 37(11) |
| 520 ## - SUMMARY, ETC. | |
| Summary, etc. | Reviews the housing market and the threat of flooding following the widespread disruption in the autumn of 2000. Discusses the insurance implications of these events with some bodies such as the Association of British Insurers concerned that some properties might become more difficult to insure. With tables which include the number of properties flooded by region and areas flooded in autumn 2000 along with their planned flood defence work. |
| 590 ## - LOCAL NOTE (RLIN) | |
| Local note | ABS |
| 650 ## - SUBJECT ADDED ENTRY--TOPICAL TERM | |
| Topical term or geographic name entry element | FLOODING |
| 650 ## - SUBJECT ADDED ENTRY--TOPICAL TERM | |
| Topical term or geographic name entry element | HOUSING MARKET |
| 650 ## - SUBJECT ADDED ENTRY--TOPICAL TERM | |
| Topical term or geographic name entry element | PROPERTY-COMMERCIAL PROPERTY |
| 650 ## - SUBJECT ADDED ENTRY--TOPICAL TERM | |
| Topical term or geographic name entry element | ASSOCIATION OF BRITISH INSURERS |
| 650 ## - SUBJECT ADDED ENTRY--TOPICAL TERM | |
| Topical term or geographic name entry element | COUNCIL OF MORTGAGE LENDERS |
| 690 ## - LOCAL SUBJECT ADDED ENTRY--TOPICAL TERM (OCLC, RLIN) | |
| Topical term or geographic name as entry element | ENVIRONMENTAL AND LAND CONSULTANCY-ENVIRONMENTAL MANAGEMENT |
| 942 ## - ADDED ENTRY ELEMENTS (KOHA) | |
| Suppress in OPAC | 0 |
| Withdrawn status | Lost status | Source of classification or shelving scheme | Damaged status | Not for loan | Home library | Current library | Shelving location | Date acquired | Total Checkouts | Full call number | Barcode | Date last seen | Copy number | Price effective from | Koha item type |
|---|---|---|---|---|---|---|---|---|---|---|---|---|---|---|---|
| Dewey Decimal Classification | London | London | Journal article | 11/03/2002 | ABS65146 | 117080-1001 | 06/08/2019 | 1 | 06/08/2019 | Journal article |